Teorie vědy časopis pro teorii vědy, techniky a komunikace = journal for theory of science, technology & communication

Na minha lista:
Detalhes bibliográficos
Formato: Desconhecido
Idioma:tcheco
Publicado em: Praha Kabinet pro studium vědy, techniky a společnosti při Filozofickém ústavu AV ČR 2005
Assuntos:
Tags: Adicionar Tag
Sem tags, seja o primeiro a adicionar uma tag!

MARC

LEADER 00000 2a2200000 4500
001 0089763
005 20090119165622.3
022 |a 1210-0250 
041 0 |a cze 
044 |a CZ 
245 1 0 |a Teorie vědy  |b časopis pro teorii vědy, techniky a komunikace = journal for theory of science, technology & communication 
264 1 |a Praha  |b Kabinet pro studium vědy, techniky a společnosti při Filozofickém ústavu AV ČR  |c 2005 
773 0 |w eu_un_cat*s120246 
610 2 0 |a veda 
610 2 0 |a technika 
610 2 0 |a komunikácia